| 000 | 00572nam a22001697a 4500 | ||
|---|---|---|---|
| 005 | 20251108172938.0 | ||
| 008 | 250721s2004 xx 000 0 ara d | ||
| 082 | 1 | 4 | _a510/دهب |
| 100 | 1 | _aدهبي، نورة | |
| 245 | 1 | 0 | _aالرياضات : الإحداثيات و المنحنيات و المستقيمات و الإقترانات و النهايات / |
| 264 | 1 |
_aعمان : _bدار صفاء للنشر والتوزيع، _c2004. |
|
| 300 | _a180 ص | ||
| 650 | 1 | 7 | _aالرياضيات |
| 650 | 1 | 7 | _aالإحداثيات |
| 942 |
_2ddc _cBK |
||
| 999 |
_c92484 _d92484 |
||